000 00367 a2200169 4500
001 188650
020 _a85-08-06892-1
040 _cMagnum
100 _aWinfrey, Elizabeth
240 1 0 _aMais que um amigo
_lpor
245 1 0 _aMais que um amigo
300 _a160
362 0 _a2003
440 1 _aÁtica
697 _aLITERATURA JUVENIL ESTRANGEIRA
942 _cBK
999 _c188650
_d188650